00234nam a22000977a 4500020001500000082000800015100002000023245004800043260003600091300000900127 a8121900093 a425 aWren and Martin aHigh school english grammar and composition aNew DelhibS.Chand and coc2006 a376p